| 000 | 04327nam a2200205Ia 4500 | ||
|---|---|---|---|
| 003 | Ost | ||
| 005 | 20260507075110.0 | ||
| 008 | 260507s9999||||xx |||||||||||||| ||und|| | ||
| 040 | _cfsecg | ||
| 041 | _aara | ||
| 082 | _a330 | ||
| 100 |
_aحشيش، عادل احمد _eمؤلف |
||
| 245 | 0 |
_aالتشريع الضريبي المصري : _bضرائب الحكومة المركزية على دخول الاشخاص الطبيعيين وفقا لأحكام الضريبة الموحدة / _c عادل احمد حشيش |
|
| 260 |
_aالازاريطة: _bدار الجامعة الجديدة للنشر, _c2001 |
||
| 300 |
_a362 صفحة؛ _c24 سم |
||
| 520 | _aباب تمهيدى: مفاهيم ومرتكزات أساسية لازمة لدراسة أحكام الضريبة الموحدة المبحث الأول: مدى استقلال القوانين المنظمة للضرائب ومصادر القانون الضريبى المبحث الثانى: مفهوم مبدأ قانونية الضريبة وتطبيقاته فى النظم الضريبية المعاصرة المبحث الثالث: تفسير القانون الضريبى وتطبيقة من حيث الزمان والمكان المبحث الرابع: صلة القانون الضريبى بالسياسة الضريبية وضرورة تقيد أحكامه بالمبادئ الدستورية المتعلقة بالعدالة والمساواة فى تحمل التكاليف والأعباء المالية الباب الأول: معالم المعاملة الضريبية المقررة على دخل الأشخاص الطبيعيين وفقاً لأحكام الضريبة الموحدة المبحث الأول: الخصائص العامة المميزة للضريبة الموحدة المبحث الثانى: الضريبة الموحدة ضريبة مفروضة أساساً على الأشخاص الطبيعيين المبحث الثالث: قواعد تكليف الشخص الطبيعى بالضريبة بوصفه شريكاً فى شركات الأشخاص ومدى تميزها عن القواعد المطبقة على الممول الفرد المبحث الرابع: الضريبة الموحدة ضريبة على دخل الفرد أم على الدخل الأسرى فى مجموعة المبحث الخامس: نطاق سريان الضريبة الموحدة من حيث المكان (المعايير المطبقة فى إخضاع المكلفين للضريبة) المبحث السادس: الإطار الزمنى لسريان الضريبة الموحدة ( مبدأ سنوية التكليف واستقلال السنوات الضريبية) المبحث السابع: إيرادات رؤوس الأموال المنقولة الخاضعة للضريبة الموحدة المبحث الثامن: إيرادات النشاط التجارى والصناعى الخاضع لأحكام الضريبة الموحدة المبحث التاسع: إيرادات المرتبات وما فى حكمها الخاضعة لأحكام الضريبة الموحدة المبحث العاشر: إيرادات المهن غير التجارية الخاضعة للضريبة الموحدة المبحث الحادى عشر: إيرادات الثروة العقارية الداخلة فى نطاق وعاء الضريبة المبحث الثانى عشر: الأحكام العامة للضريبة الموحدة الباب الثانى: الأحكام المتعلقة بالجوانب الإجرائية لفرض وجباية الضريبة الموحدة على دخل الأشخاص الطبيعيين المبحث الأول: حصر المجمع الضريبى والإلتزامات الواقعة على عاتق المخاطبين بأحكام القانون المبحث الثانى: حق الإطلاع وسر المهنة والقواعد المنظمة لإعلان الممولين والإعفاءات الضريبية وربط الضرائب المقررة المبحث الثالث: الطعون الضريبية والقواعد المتعلقة بتحصيل الضريبة وضمانات التحصيل والعقوبات المقررة | ||
| 653 | _aالتشريع الضريبي | ||
| 653 | _aضريبة على دخل الفرد | ||
| 942 | _cكتاب | ||
| 999 |
_c42888 _d42888 |
||